| 000 | 01019nam a2200241 a 4500 | ||
|---|---|---|---|
| 001 | 47153 | ||
| 003 | BD-RjUL | ||
| 005 | 20211209054251.0 | ||
| 008 | 160807s1975 bg ||||| |||| 00| 0 ben d | ||
| 035 | _a(BD-RjUL)47272 | ||
| 040 |
_aBD-RjUL _bben _cBD-RjUL |
||
| 041 | _aben | ||
| 082 |
_a501 _223 _bBIG 1975 |
||
| 245 | 0 | 0 |
_aবিজ্ঞানের দার্শনিক / _cসম্পাদনাঃ সাকসে কামিনস্, রবার্ট এন। লিনসকট |
| 260 |
_aঢাকা : _bবাংলা একাডেমী, _c১৯৭৫ |
||
| 300 |
_a২২৯ পৃ. ; _c২১ সেমি. |
||
| 650 |
_aবিজ্ঞান _vদর্শনশাস্ত্র _9143591 |
||
| 650 |
_aScience _vPhilosophy _9122897 |
||
| 700 |
_aসম্পাদনাঃ কামিনস্, সাকসে _9143592 |
||
| 700 |
_aলিনসকট, রবার্ট এন. _9143593 |
||
| 700 |
_aঅনুবাদঃ ফজলুল করিম _9143611 |
||
| 942 |
_2ddc _cBK |
||
| 999 |
_c47153 _d47153 |
||